000 00674nam a2200217Ii 4500
003 JO-AjNU
008 230605s9999||||xx |||||||||||||| ||und||
017 _a2006/3799
020 _a977-296-221-2
040 _aJO-AjNU
_bara
_erda
_cJO-AjNU
041 _aara
050 1 4 _aUB271.A65.F3468
100 3 _aالفالوجي، فريد,
_eauthor
_915394
245 0 0 _aاحمد الحلاق اول جاسوس اعدام لبنان
264 3 1 _aلبنان:مدبولي الصغير، د.ت
300 _a158ص
336 _atext
_btxt
_2rdacontent
337 _aunmediated
_bn
_2rdamedia
338 _avolume
_bnc
_2rdacarrier
650 4 _aالجواسيس-لبنان
_915395
999 _aA4337
_c7905
_d7905